Rosa Venezia FC 2024/2025 - Statistics

Statistiche generali
  • Questo quiz è stato fatto 21 volte
  • Il punteggio medio è 13 su 37
Statistiche sulle risposte
Hint Risposta % Corretto
C Hans Nicolussi Caviglia
94%
C Gianluca Busio
83%
C Gaetano Oristanio
72%
A Daniel Fila
67%
P Filip Stankovic
67%
D Jay Idzes
67%
P Andrei Ionut Radu
61%
D Ridgeciano Haps
61%
D Francesco Zampano
56%
P Jesse Joronen
50%
D Michael Svoboda
50%
A Joel Pohjanpalo
44%
C Kike Perez
44%
C Alessio Zerbin
39%
A Christian Gytkjær
39%
D Fali Candé
39%
C Issa Doumbia
39%
A John Yeboah
39%
D Alessandro Marcandalli
33%
C Alfred Duncan
33%
C Cheick Condé
33%
D Marin Sverko
33%
D Antonio Candela
22%
C Bjarki Steinn Bjarkason
17%
D Giorgio Altare
17%
C Mikael Egill Ellertsson
17%
A Mirko Maric
11%
P Bruno Bertinato
6%
D Franco Carboni
6%
D Joel Shingtienne
6%
P Matteo Grandi
6%
A Antonio Raimondo
0%
C Domen Crnigoj
0%
C Magnus Kofod Andersen
0%
D Richie Sagrado
0%
C Saad El Haddad
0%
D Zaccaria Rioda
0%
Nessun quiz corrispondente trovato
Distribuzione punteggi
Percentuale di utenti per punteggio
Percentile per numero di risposta
I tuoi punteggi nel tempo
Non hai fatto questo quiz